000 00370nam a2200133Ia 4500
008 151001s9999||||xx |||||||||||||| ||und||
100 _aसुमती क्षेत्रमाडे
245 _aशततारका
250 _a1
260 _bशितल मेहता कोल्हापूर
260 _c2013
300 _a224
365 _b18
999 _c1001943
_d1001940